000 00389nam a2200169Ia 4500
100 _aNatarajan/Sundaram
650 _aMicroElectronics
942 _cBK
366 _f20
654 _amicroelectronics
245 _aMicroelectronics :Analysis and design
260 _bMcGraw-Hill
_aNew Delhi
_c2006
082 _a621.381/NAT
_bNAT
300 _a808
546 _aENGLISH
999 _c23271
_d23271